000 02490nam2a2200349 4500
001 RU\NLR\BIBL_A\011294435
005 20170116152216.0
010 _a978-5-383-01043-3
_bт.1
010 _a978-5-383-01042-6
021 _aRU
_b2016-92692
_96128
035 _a(NLR Aleph) 011294435
090 _a10941356
_c10941356
100 _a20161219d2016 u y0rusy50 ca
101 0 _arus
102 _aRU
105 _aa|||j|||000yy
200 1 _aСовременная теплоэнергетика
_f[А.Д. Трухний, М.А. Изюмов, О.А. Пивоваров, С.П. Малышенко]
_gпод ред. проф. А.Д. Трухния
210 _d2016
215 _a510, [1] с.
_cил., цв. ил.
320 _aБиблиогр. в конце гл.
461 1 _1001RU\NLR\BIBL_A\011307032
_12001#$aОсновы современной энергетики$eучебник для студентов высших учебных заведений, обучающихся по направлениям подготовки "Теплоэнергетика", "Электроэнергетика", "Энергомашиностроение"$e[в 2 т.]$vТ. 1
_911001773
_cМосква
_d2016
_e6-е изд., перераб. и доп.
_fпод общ. ред. чл.-кор. РАН Е.В. Аметистова
_nИздательский дом МЭИ
_oучебник для студентов высших учебных заведений, обучающихся по направлениям подготовки "Теплоэнергетика", "Электроэнергетика", "Энергомашиностроение" : [в 2 т.]
_tОсновы современной энергетики
_y9785383010426
_vТ. 1
606 1 _aТеплоэнергетика
_jУчебники для высших учебных заведений
_92153621
_3RU\NLR\auth\661296688
686 1 _aЗ3я73-1
701 1 _7ca
_8rus
_aТрухний
_bА. Д.
_f1938-
_gАлексей Данилович
_947549
_3RU\NLR\AUTH\7764620
701 1 _7ca
_8rus
_aИзюмов
_bМ. А.
_cканд. техн. наук, теплоэнергетика
_gМихаил Александрович
_92710968
_3RU\NLR\AUTH\770294207
701 1 _aПоваров
_bО. А.
_gОлег Алексеевич
701 1 _aМалышенко
_bС. П.
_gСтанислав Петрович
942 _cBOOK
980 _aNBR
980 _aNB